Les animaux bizarres - Statistiques

Statistiques générales
  • Ce quiz a été pris 140 fois
  • Le résultat moyen est 10 sur 16
Statistiques - réponses
Par images Réponse % Correct
toucan
96%
panda roux
91%
panthère
91%
fennec
87%
béluga
79%
suricate
79%
dodo
76%
caïman
72%
axolotl
58%
corneille
51%
bouquetin
50%
pygargue
43%
walabi
29%
chinchilla
23%
maquereau
21%
quokka
20%
Aucun quiz correspondant
Distribution des résultats
% des personnes avec chaque résultat
Percentile par nombre de réponses
Votre historique - résultats
Vous n’avez pas pris ce quiz